Positive psychology: the science of well-being (Record no. 364787)
[ view plain ]
| 000 -LEADER | |
|---|---|
| fixed length control field | 00487nam a22001577a 4500 |
| 003 - CONTROL NUMBER IDENTIFIER | |
| control field | 0 |
| 005 - DATE AND TIME OF LATEST TRANSACTION | |
| control field | 20220817132314.0 |
| 008 - FIXED-LENGTH DATA ELEMENTS--GENERAL INFORMATION | |
| fixed length control field | 220816b xxu||||| |||| 00| 0 eng d |
| 020 ## - INTERNATIONAL STANDARD BOOK NUMBER | |
| International Standard Book Number | 978-1-4739-0215-2 |
| 050 ## - LIBRARY OF CONGRESS CALL NUMBER | |
| Classification number | BF204.6 |
| Item number | .Z45 2020 |
| 245 ## - TITLE STATEMENT | |
| Title | Positive psychology: the science of well-being |
| Statement of responsibility, etc | John M. Zelenski |
| 260 ## - PUBLICATION, DISTRIBUTION, ETC. (IMPRINT) | |
| Place of publication, distribution, etc | Los Angeles |
| Name of publisher, distributor, etc | Sage |
| Date of publication, distribution, etc | C2020 |
| 300 ## - PHYSICAL DESCRIPTION | |
| Extent | xiii,377pp. |
| Dimensions | 23cm |
| Accompanying material | Includes references, glossary and index. |
| Type of unit | Book |
| 500 ## - GENERAL NOTE | |
| General note | Positive psychology. |
| 942 ## - ADDED ENTRY ELEMENTS (KOHA) | |
| Source of classification or shelving scheme | Library of Congress Classification |
| Koha item type | Books |
| Withdrawn status | Lost status | Source of classification or shelving scheme | Damaged status | Home library | Current library | Shelving location | Date acquired | Source of acquisition | Sub Shelving location | Total Checkouts | Total Renewals | Full call number | Barcode | Date last seen | Date checked out | Price effective from | Koha item type |
|---|---|---|---|---|---|---|---|---|---|---|---|---|---|---|---|---|---|
| Library of Congress Classification | College Library | College Library | Graduate Section | 08/17/2022 | Library Fund | 1 | 1 | BF204.6 .Z45 2020 | C22819 | 08/31/2024 | 01/25/2024 | 08/17/2022 | Books |